1774 1813 1097 1537 1870 1579 1754 1142 1304 1055 1494 1558 1863 1374 1453 1889 1275 1239 1939 1150 1859 1520 1731 1141 1139 1560 1920 1384 1643 1710 1911 1322 1300 1557 1338 1045 1436 1810 1227 1203 1147 1000 1883 1849 1143 1621 1156 1238 1505 1695 1503 1040 1306 1106 1801 1901 1074 1014 1285 1482 1421 1482 1046 1033 1516 1396 1469 1958 1286 1309 1375 1035 1110 1406 1914 1823 1991 1912 1025 1590 1675 1561 1422 1920 1583 1796 1439 1407 1882 1944 1700 1129 1071 1729 1988 1639 1305 1807 1719 BCNSPRNW ULIB Ver.6.0+V

เปลี่ยนเป็นภาษาไทย

Change to English
 แสดงรายละเอียดบรรณานุกรม
  กลับหน้าหลัก

Brief Record : Get Marc (ISO 2709) : E-mail record : QR code < ปิดหน้าต่าง
LEADER : 00000nam 2200000uu 4500
001    13399126394
003     ULIB
008    020711s2561 th a 000 0 tha d
020    ^a9786160831470
050    ^aT006.6^bฉ433ส
100    ^aเฉลิมศักดิ์ บุตรวิเศษ
245    ^aสุดยอดเคล็ดลับอัพสกิล ILLUSTRATOR
250    ^aพิมพ์ครั้งที่ 1
260    ^aกรุงเทพฯ :^bซีเอ็ดยูเคชั่น,^c2561
300    ^a224 หน้า;^b19 ซม.
650    ^aอโดบีอิลลัสเตรเตอร์
650    ^aคอมพิวเตอร์กราฟฟิค
945    ^p230^l0^i004618
999    ^aประนอม เกษจรัล
รายการนี้ยังไม่มีแท็ก
คุณยังไม่ได้ล็อกอิน คุณสามารถมีกิจกรรมร่วมกับเว็บไซต์ได้ แต่ต้องล็อกอินก่อน ::
  ล็อกอิน

รายการสื่อสารสนเทศ

ลำดับที่ ประเภท เลขเรียก/บาร์โค้ด สถานที่ สถานะ
1. การศึกษาทั่วไป
หนังสือสำรอง
สถานะ=หนังสือสำรอง
T006.6 ฉ433ส ฉ.1 
  Barcode: 004618
ห้องสมุดวิทยาเขตสวรรค์ประชารักษ์
►หนังสือทั่วไป
บนชั้น

รายการใกล้เคียง
    ชื่อเรื่อง [สุดยอดเคล็ดลับอัพสกิล ILLUSTRATOR]

    ผู้แต่ง [เฉลิมศักดิ์ บุตรวิเศษ]

    หัวเรื่อง [อโดบีอิลลัสเตรเตอร์]
    หัวเรื่อง [คอมพิวเตอร์กราฟฟิค]

BibComment


ยังไม่เคยถูกคอมเมนท์

คอมเมนท์ทรัพยากรรายการนี้
  คอมเมนท์: สุดยอดเคล็ดลับอั..


 Copyright 2026. Bcnsprnw @Library